000 00386nam a2200145Ia 4500
008 240624s9999 xx 000 0 und d
041 _aeng
082 _a300 KAK
100 _aKAKAR SUDHIR
245 _aINNER WORLD A PSYCHOANALYTIC STUDY OF CH
250 _a(4th ed.)
260 _c2012
_aNew Delhi
_bOxford University Press
300 _axx, : 272 : p. : cm. ; 21
365 _cRS
_b31
999 _c19614
_d19614